Marketingové informačné systémy miest a obcí z pohľadu znalostnej ekonomiky

Marketingové informačné systémy miest a obcí. Základné prvky marketingového informačného systému. Údaje z interného informačného systému. Údaje z marketingového spravodajstva. Údaje z marketingového výskumu.

Enregistré dans:
Détails bibliographiques
Auteur principal: Žák, Štefan, 1971-
Format: Chapitre de livre
Langue:slovaque
Sujets:
Tags: Ajouter un tag
Pas de tags, Soyez le premier à ajouter un tag!

MARC

LEADER 00000naa$a2200000$$$4500
001 0048367
005 20240502071545.5
041 0 |a slo 
044 |a SK 
245 1 0 |a Marketingové informačné systémy miest a obcí z pohľadu znalostnej ekonomiky  |c Štefan Žák 
520 |a Marketingové informačné systémy miest a obcí. Základné prvky marketingového informačného systému. Údaje z interného informačného systému. Údaje z marketingového spravodajstva. Údaje z marketingového výskumu. 
610 2 0 |a systémy informačné 
610 2 0 |a marketing 
610 2 0 |a výskum 
610 2 0 |a samospráva 
610 2 0 |a mestá 
610 2 0 |a obce 
610 2 0 |a dáta 
100 1 |a Žák, Štefan, 1971-